| 000 | 00354nam a22001697a 4500 | ||
|---|---|---|---|
| 003 | SGT | ||
| 020 | _a978-81-775-8541-4 | ||
| 082 |
_a615.19 _bO17F |
||
| 100 | _aFINAR,I.L | ||
| 245 | _aORGANIC CHEMISTRY | ||
| 250 | _a21ST | ||
| 260 |
_aNEW DELHI _bPEARSON _c2017 |
||
| 300 | _a956 | ||
| 650 | _aPHARMACY | ||
| 653 | _aCHEMISTRY | ||
| 942 |
_2ddc _cBK _03 |
||
| 999 |
_c13636 _d13636 |
||